El acertijo de la legitimidad : (Record no. 70824)

MARC details
000 -LEADER
campo de control de longitud fija 00631nmm a2200193Ia 4500
008 - DATOS DE LONGITUD FIJA--INFORMACIÓN GENERAL
campo de control de longitud fija 251105s9999||||xx |||||||||||||||||und||
020 ## - NÚMERO INTERNACIONAL ESTÁNDAR DEL LIBRO
Número Internacional Estándar del Libro 9789681684488
041 ## - CÓDIGO DE IDIOMA
Código de lengua del texto/banda sonora o título independiente spa
100 ## - ENTRADA PRINCIPAL--NOMBRE DE PERSONA
Nombre de persona Rubio, Luis
245 #0 - MENCIÓN DEL TÍTULO
Título El acertijo de la legitimidad :
Resto del título Por una democracia eficaz en un entorno de la legalidad y desarrollo
264 ## - PRODUCCIÓN, PUBLICACIÓN, DISTRIBUCIÓN, FABRICACIÓN Y COPYRIGHT
Producción, publicación, distribución, fabricación y copyright [México D.C., Mexico] :
Nombre del de productor, editor, distribuidor, fabricante Fondo de Cultura Económica,
Fecha de producción, publicación, distribución, fabricación o copyright 2016
300 ## - DESCRIPCIÓN FÍSICA
Extensión 196 páginas
490 ## - MENCIÓN DE SERIE
Mención de serie Política y Derecho
650 ## - PUNTO DE ACCESO ADICIONAL DE MATERIA--TÉRMINO DE MATERIA
Término de materia o nombre geográfico como elemento de entrada Political Science (General)
700 ## - ENTRADA AGREGADA--NOMBRE PERSONAL
Nombre de persona Rubio, Luis
700 1# - ENTRADA AGREGADA--NOMBRE PERSONAL
Nombre de persona Jaime, Edna
856 ## - LOCALIZACIÓN Y ACCESO ELECTRÓNICOS
Identificador Uniforme de Recursos <a href="https://public.digitaliapublishing.com/a/64231">https://public.digitaliapublishing.com/a/64231</a>
942 ## - ELEMENTOS DE ENTRADA SECUNDARIOS (KOHA)
Tipo de ítem Koha Libro Digital

No items available.

Powered by Koha